Caracterización de los productos hortifrutícolas colombianos y establecimiento de las normas técnicas de calidad / (Registro nro. 15455)

Detalles MARC
000 -LEADER
fixed length control field 01437nam a22002417a 4500
003 - CONTROL NUMBER IDENTIFIER
control field OSt
005 - DATE AND TIME OF LATEST TRANSACTION
control field 20210320150306.0
008 - FIXED-LENGTH DATA ELEMENTS--GENERAL INFORMATION
fixed length control field 210320s2004 ck ao||gr|||| 00| 0 spa d
040 ## - CATALOGING SOURCE
Original cataloging agency CO-JMCR
Transcribing agency CO-JMCR
041 0# - LANGUAGE CODE
Language code of text/sound track or separate title spa
082 04 - DEWEY DECIMAL CLASSIFICATION NUMBER
Classification number 634.0409861 /
Item number R741c
Edition number 23
100 1# - MAIN ENTRY--PERSONAL NAME
Personal name Rojas Acosta, Juan Mauricio,
Relator term autor
9 (RLIN) 36395
245 10 - TITLE STATEMENT
Title Caracterización de los productos hortifrutícolas colombianos y establecimiento de las normas técnicas de calidad /
Statement of responsibility, etc. Juan Mauricio Rojas A., Aída Esther Peñuela M., Claudia Rocío Gómez P. [y otros 3]
260 ## - PUBLICATION, DISTRIBUTION, ETC.
Place of publication, distribution, etc. Caldas :
Name of publisher, distributor, etc. Federación Nacional de Cafeteros de Colombia : Cenicafé : Sena,
Date of publication, distribution, etc. 2004
300 ## - PHYSICAL DESCRIPTION
Extent 213 páginas :
Other physical details ilustraciones y fotografías a color ;
Dimensions 28 cm.
500 ## - GENERAL NOTE
General note Incluye glosario
504 ## - BIBLIOGRAPHY, ETC. NOTE
Bibliography, etc. note Bibliografía: páginas 208-213
505 0# - FORMATTED CONTENTS NOTE
Formatted contents note Desarrollo de los procesos de normalización -- Cambios físicos y químicos que ocurren durante el crecimiento y maduración de los productos hortifrutícolas y su relación con la calidad -- Caracterización de frutas y hortalizas en Colombia -- Proceso de elaboración de una Norma Técnica Colombiana -- Guía para la correcta utilización de las Normas Técnicas Colombianas para frutas y hortalizas frescas
650 14 - SUBJECT ADDED ENTRY--TOPICAL TERM
Topical term or geographic name entry element Frutas
Form subdivision Normas técnicas
General subdivision Producción
Geographic subdivision Colombia|
9 (RLIN) 36396
700 1# - ADDED ENTRY--PERSONAL NAME
Personal name Peñuela M., Aída Esther,
Relator term autora
9 (RLIN) 36397
700 1# - ADDED ENTRY--PERSONAL NAME
Personal name Gómez P., Claudia Rocío,
Relator term autora
9 (RLIN) 36398
942 ## - ADDED ENTRY ELEMENTS (KOHA)
Source of classification or shelving scheme Dewey Decimal Classification
Koha item type Books
Existencias
Withdrawn status Lost status Source of classification or shelving scheme Damaged status Not for loan Collection code Home library Current library Date acquired Source of acquisition Total Checkouts Full call number Barcode Date last seen Date last checked out Copy number Price effective from Koha item type
    Dewey Decimal Classification     Non-fiction Biblioteca Pública José María del Castillo y Rada Biblioteca Pública José María del Castillo y Rada 10/02/2020 Donación 1 634.0409861 / R741c 201810925 10/02/2024 10/01/2024 Ej.1 03/20/2021 Books